BIBLIOTHÈQUE DE LA MAISON DU MEXIQUE

Logo 1 Logo 2

Crítica cinematográfica (notice nᵒ 6779)

détails MARC
000 -Sello discográfico
campo de control de longitud fija 01008nam a2200301 4500
005 - Identificación de versión
campo de control 20251016083040.0
099 ## - fechas locales
Tipo de ítem Koha LIBRO
100 ## - Datos de procesamiento general
Datos de procesamiento general 20230905d1970 m y1spay5003 ba
105 ## - Campo de datos codificados: Material textual, monográfico
Datos codificados de monografía y 001zy
200 1# - Título y mención de responsabilidad
Título propio Crítica cinematográfica
Designación general del material texto impreso
Primer mención de responsabilidad Xavier Villaurrutia
Declaración de responsabilidad subsiguiente recopilación, selección, introducción y notas Miguel Capistrán
205 ## - Declaración de edición
Declaración de edición 1a ed
210 ## - Publicación, distribución, etc.
Lugar de publicación, distribución, etc. México
Nombre del editor, distribuidor, etc. Universidad Nacional Autónoma de México, Dirección General de Difusión Cultural
Fecha de publicación, distribución, etc. 1970
215 ## - Descripción física
Designación de material específico y extensión del ítem 308 p
Dimensiones 20 cm
345 ## - Nota de información de adquisición
Fuente de adquisición/dirección de la suscripción [OBSOLETO] Donación
410 #1 - Series
Título Cuadernos de Cine
Número de volumen 18
606 ## - Término temático usado como materia
Elemento de entrada Cinematografía
Número Koha 171
606 ## - Término temático usado como materia
Elemento de entrada Crítica de cine
Número Koha 172
660 ## - Código de área geográfica
Código MX
700 ## - Nombre personal - Responsabilidad primaria
Elemento de entrada Villaurrutia y González
Parte del nombre distinta del elemento de entrada Xavier
Fechas 1903-1950
Número Koha 1772
702 ## - Nombre personal - Responsabilidad secundaria
Elemento de entrada Capistrán Lagunes
Parte del nombre distinta del elemento de entrada Miguel
Fechas 1939-2012
Número Koha 4106
801 #0 - Fuente de origen
País FR
Agencia cm
Reglas de catalogación (convenciones descriptivas) AFNOR
900 ## -
-- 1/22339
900 ## -
-- 7100417642\080104
942 ## - ELEMENTOS DE ENTRADA SECUNDARIOS (KOHA)
Tipo de ítem Koha Livre
996 ## -
-- MEX
-- 751145101
-- MMAG
-- 008481
-- 791.43 V71C
-- 20230905LIV
Exemplaires
Estatus retirado Estado de daño Estado de pérdida Fecha de adquisición Biblioteca de origen Biblioteca actual Ubicación en estantería Código de barras Precio de reemplazo Signatura topográfica completa No para préstamo Tipo de ítem Koha Nota pública Nota no pública
      05/08/2025 Casa México Paris Casa México Paris   008481 05/08/2025 791.43 V71C   Livre 20230905LIV 751145101